Commentaries on the essential commodities act, 1955 (Record no. 411789)

000 -LEADER
fixed length control field 00557cam a22001697a 4500
008 - FIXED-LENGTH DATA ELEMENTS--GENERAL INFORMATION
fixed length control field 180718b1967 xxu||||| |||| 00| 0 eng d
082 ## - DEWEY DECIMAL CLASSIFICATION NUMBER
Classification number T12301 X54 G237
100 ## - MAIN ENTRY--PERSONAL NAME
Personal name Gaur,A.N.
245 ## - TITLE STATEMENT
Title Commentaries on the essential commodities act, 1955
Statement of responsibility, etc. By A.N. Gaur and V.M. Shukla
260 ## - PUBLICATION, DISTRIBUTION, ETC.
Place of publication, distribution, etc. Lucknow
Name of publisher, distributor, etc. Eastern
Date of publication, distribution, etc. 1967
300 ## - PHYSICAL DESCRIPTION
Extent Vol-I, 259p
500 ## - GENERAL NOTE
General note Rs. 15.00
650 ## - SUBJECT ADDED ENTRY--TOPICAL TERM
Topical term or geographic name entry element Trade regulation -- India
650 ## - SUBJECT ADDED ENTRY--TOPICAL TERM
Topical term or geographic name entry element Rationing -- Law and legislation -- India
650 ## - SUBJECT ADDED ENTRY--TOPICAL TERM
Topical term or geographic name entry element Industrial priorities -- Law and legislation -- India
700 ## - ADDED ENTRY--PERSONAL NAME
Personal name Shukla ,V.M.
Holdings
Withdrawn status Lost status Damaged status Not for loan Permanent Location Current Location Date acquired Full call number Barcode Date last seen Price effective from Koha item type
        Indian Institute of Public Administration Indian Institute of Public Administration 2009-02-02 T12301 X54 G237 DA973 2018-07-21 2018-07-21 DA

Powered by Koha